000 00735nam a2200253 a 4500
008
020 _a9780831133375 (pbk.)
049 _aMAIN
090 _aQA401.G88
_bEDW
100 1 _aEdwards, Dilwyn.
245 1 0 _aGuide to mathematical modelling /
_cDilwyn Edwards and Mike Hamson.
250 _a2nd ed.
260 _aNew York :
_bIndustrial Press,
_c2007.
300 _ax, 326 p. ;
_c26 cm.
500 _aIncludes index.
504 _aIncludes bibliographical references.
650 0 _aMathematical models.
700 1 _aHamson, Mike.
907 _a.b10352909
_b03-12-14
_c03-12-14
003
005 20240413112350.0
040 _cNUST
942 _cBOOKS
_kQA401.G88
_mEDW
_02
999 _c128355
_d128355